| 000 | 00640nam a2200193 a 4500 | ||
|---|---|---|---|
| 005 | 20210223123305.0 | ||
| 008 | 991125s1965 mx 000 0 spa u | ||
| 035 | _aUPN01000050799 | ||
| 049 | _aCG | ||
| 050 | 4 |
_aF1225 Q3 _bZ3.7 |
|
| 100 | 1 |
_aZavala Vallado, Silvio Arturo, _d1909- _929523 |
|
| 245 | 1 | 0 |
_aRecuerdo de Vasco de Quiroga / _cSilvio Zavala |
| 260 |
_aMéxico : _bPorrúa, _c1965 |
||
| 300 | _a215 p., [22] h. de láms. | ||
| 500 | _aIncluye apéndices de varios autores (p. 159-203) | ||
| 600 | 1 | 4 |
_aMORO, TOMAS, SANTO, _d1478-1535 |
| 651 | 4 |
_aMEXICO - _xHISTORIA - _yGOBERNADORES Y AUDIENCIA, 1521-1535 _94511 |
|
| 905 | _aLibro | ||
| 999 |
_c50799 _d50799 |
||